Luis Gordillo (Record no. 6401)

MARC details
000 - LÍDER
campo de control de longitud fija 00820nam a2200217Ia 4500
008 - ELEMENTOS DE DATOS DE LONGITUD FIJA - INFORMACIÓN GENERAL
campo de control de longitud fija 0000001984 sp a 0000000000spa00
020 ## - INTERNATIONAL STANDARD BOOK NUMBER
International Standard Book Number 8486089115
090 ## - NÚMERO DE LLAMADA DE TIPO LC LOCALMENTE ASIGNADO (OCLC)
Número de clasificación (OCLC) (R) PSP00 C14l
100 1# - ENTRADA PRINCIPAL - NOMBRE PERSONAL
Nombre de la persona Calvo Serraller, Francisco
Fechas asociadas a un nombre 1948
245 10 - TÍTULO DECLARACIÓN
Título Luis Gordillo
Resto del título : pinturas 1982-84
Declaración de responsabilidad / textos Francisco Calvo Serraller ; fotografías Antonio Zafra
260 ## - PUBLICACIÓN, DISTRIBUCIÓN
Lugar de publicación Madrid : Galería Fernando Vijande
Fecha de publicación 1984
300 ## - DESCRIPCIÓN FÍSICA
Alcance 149 p.
Dimensiones / 30 cm.
500 ## - NOTA GENERAL
Nota general Texto bilingue : español inglés \ Con el patronazgo del maestro venezolano Jesús Rafael Soto (q.e.p.d.)
600 00 - ENTRADA DE SUJETO AÑADIDO - NOMBRE PERSONAL
Nombre de la persona GORDILLO, LUIS, 1934/
Subdivisión general TRABAJOS PICTORICOS
650 14 - ENTRADA DE SUJETO AÑADIDO - TÉRMINO TÓPICO
Término tópico o elemento de entrada del nombre geográfico ARTE CONTEMPORANEO ESPAÑOL
650 14 - ENTRADA DE SUJETO AÑADIDO - TÉRMINO TÓPICO
Subdivisión general CATALOGOS
650 14 - ENTRADA DE SUJETO AÑADIDO - TÉRMINO TÓPICO
Subdivisión general EXPOSICIONES
650 14 - ENTRADA DE SUJETO AÑADIDO - TÉRMINO TÓPICO
Término tópico o elemento de entrada del nombre geográfico PINTORES ESPAÑOLES
650 14 - ENTRADA DE SUJETO AÑADIDO - TÉRMINO TÓPICO
Término tópico o elemento de entrada del nombre geográfico PINTURA ESPAÑOLA
700 1# - ENTRADA AGREGADA - NOMBRE PERSONAL
Nombre de la persona Zafra, Antonio
Holdings
Estado de retirada Pérdida de estatus Estado dañado No para préstamo Código de recogida Ubicación permanente Ubicación actual Ubicación de las estanterías Fecha de adquisición Número de llamada completo Código de barras Fecha de la última vez que se vio Número de copia Precio efectivo desde Tipo de artículo Koha
        General ArtNexus ArtNexus General 06/09/2022 P-SP-00 C14L 6405 06/09/2022 Ej.1 06/09/2022 Libro

Powered by Koha